| 000 | 00383nam a22001457a 4500 | ||
|---|---|---|---|
| 999 |
_c7993 _d7993 |
||
| 003 | OSt | ||
| 005 | 20200616112735.0 | ||
| 008 | 200616b ||||| |||| 00| 0 eng d | ||
| 020 | _a9781119152644 | ||
| 082 |
_a729 _bLIF |
||
| 110 | _aLifschutz, Alex(editor) | ||
| 245 | _aLoose-fit architecture : designing buildings for change | ||
| 260 |
_aUSA _bWiley _cNovember 6, 2017 |
||
| 942 | _2ddc | ||